| 000 | 00968cam a22002774a 4500 | ||
|---|---|---|---|
| 001 | 3523885 | ||
| 003 | OSt | ||
| 005 | 20150414134644.0 | ||
| 008 | 960313s1996 enk b 001 0 eng c | ||
| 010 | _a 96013646 | ||
| 020 | _a0632031468 | ||
| 040 |
_aDNLM/DLC _cDLC _dDLC |
||
| 050 | 0 | 0 |
_aRD31 _b.C643 1996 |
| 060 | 1 | 0 | _aWO 500 C641 1996 |
| 082 | 0 | 0 |
_aWO 500 C615c 1996 _220 |
| 245 | 0 | 0 |
_aClinical surgery / _c[edited by] Alfred Cuschieri ... [et al.]. |
| 260 |
_aOxford ; _aCambridge, Mass. : _bBlackwell Science, _c1996. |
||
| 300 |
_a596 p. : _bill. ; 28 cm. |
||
| 504 | _aIncludes bibliographical references and index. | ||
| 650 | 0 |
_aSurgery. _9323 |
|
| 650 | 1 | 2 |
_aSurgery, Operative. _93764 |
| 700 | 1 |
_aCuschieri, A. _q(Alfred) _93765 |
|
| 906 |
_a7 _bcbc _corignew _d1 _eocip _f19 _gy-gencatlg |
||
| 942 |
_2z _cSLOAN |
||
| 999 |
_c1427 _d1427 |
||